Agricultural and settlement frontiers in the tropical Andes : (Registro nro. 19005)

Detalles MARC
000 -CABECERA
Campo de control 01067cam a22002654a 4500
005 - FECHA Y HORA DE LA ULTIMA TRANSACCION
Campo de control 20160908111940.0
008 - ELEMENTOS DE LONGITUD FIJA—INFORMACION GENERAL
Campo de control 050201s2004 gw ab b 000 0 eng c
020 ## - ISBN
ISBN 3882462647
040 ## - FUENTE DE CATALOGACIÓN
Agencia catalogadora original AGL
Agencia transcriptora AGL
Agencia Modificadora DLC
-- CO-BoIAVH
041 0# - IDIOMA
Código de idioma para texto/pista de sonido o título separado Inglés
044 ## - PAÍS DE PUBLICACIÓN
País de publicación Alemania
082 00 - NUMERO DE CLASIFICACION DECIMAL DEWEY
Número de clasificación 306.349
Número del ítem L92a
100 1# - ASIENTO PRINCIPAL--NOMBRE PERSONAL
Nombre personal López Sandoval, María Fernanda.
9 (RLIN) 76005
245 10 - MENCION DE TITULO
Título Agricultural and settlement frontiers in the tropical Andes :
Parte restante del título the páramo belt of northern Ecuador, 1960-1990 /
Mención de responsabilidad María Fernanda López Sandoval.
260 ## - PUBLICACION, DISTRIBUCION, ETC. (PIE DE IMPRENTA)
Lugar de publicación, distribución, etc. [Regensburg] :
Nombre del editor, distribuidor, etc. Institut für Geographie an der Universität Regensburg,
Fecha de publicación, distribución, etc. 2004.
300 ## - DESCRIPCION FISICA
Extensión 180 páginas :
Otros detalles físicos ilustraciones y mapas ;
Dimensiones 30 x 21 cm.
500 ## - NOTA GENERAL
Nota general Catorce mapas a color insertados en el bolsillo.
500 ## - NOTA GENERAL
Nota general Presentada como la tesis del autor.
504 ## - NOTA DE BIBLIOGRAFIA, ETC.
Nota de bibliografía Incluye referencias bibliográficas : páginas 145-157.
650 26 - ASIENTO SECUNDARIO DE MATERIA - TERMINO TEMATICO
Término temático o nombre geográfico como elemento de entrada Biogeografía
Subdivisión geográfica Ecuador
9 (RLIN) 76006
650 26 - ASIENTO SECUNDARIO DE MATERIA - TERMINO TEMATICO
Término temático o nombre geográfico como elemento de entrada Sistemas agrícolas
Subdivisión geográfica Ecuador
9 (RLIN) 76007
650 26 - ASIENTO SECUNDARIO DE MATERIA - TERMINO TEMATICO
Término temático o nombre geográfico como elemento de entrada Asentamiento humano
Subdivisión geográfica Ecuador
9 (RLIN) 76008
650 26 - ASIENTO SECUNDARIO DE MATERIA - TERMINO TEMATICO
Término temático o nombre geográfico como elemento de entrada Páramos
Subdivisión geográfica Ecuador
9 (RLIN) 76009
942 ## - ELEMENTOS ADICIONALES (KOHA)
Sistema de clasificación Dewey Decimal Classification
Tipo de ítem Libro
Existencias
Withdrawn status Lost status Sistema de Clasificación Damaged status No para préstamo Colección Inventariado Ubicación Permanente Ubicación actual Fecha de adquisición Fuente de Valor Valor Total Checkouts Número topográfico Inventario / Código de Barras Date last seen Ejemplar Price effective from Forma de adquisición Tipo de material
    Dewey Decimal Classification     General Inventariado 2017 Bogotá Bogotá 08/09/2016 Instituto 15000.00   LB-306.349 L92a 040663 08/09/2016 Ej. 1 08/09/2016 Donación Libro